zpět

Detail výsledku týmu

U Lucerny ČT, Brno

Datum a čas kvízu

35 Celkem bodů Celkový počet nahraných bodů na tomto kvízu bez doplňovacích otázek.
4. Pořadí na kvízu Konečné umístění týmu na tomto kvízu.

Zaznamenané odpovědi

# Otázka Odpověď Body Výsledky
1. Předvolební superdebatu v Česk... Matylda 1
2. Jistě jste i vy zaznamenali ma... DNS 0
3. Na výstavě EXPO v Dubaji byla... David, Michelangelo (Buonarotti) 1
4. Společnost Blue Origin Jeffa B... James T. Kirk 1
5. Vedení českého hokeje minulý č... Ondřeje Paláta 0
-14. Po Středočeském kraji nás v da... Opyš 0
-13. Oblíbenou atrakcí našeho hlavn... Nebozízek 0
-12. Místem, které rozhodně stojí z... Moja 1
-11. K nejpůsobivějším gotickým sta... Staroměstská mostecká věž 1
-10. Seřaďte následující zahraniční... 1B 2A 3C 4D 0